000 00608nam a22001937a 4500
005 20180910150025.0
008 080625t xxu||||| |||| 00| 0 hin d
010 _aHIN-46009
020 _c40.00
035 _aHN-27337, A-228646
037 _bDBAD
040 _adpl
_bHN
082 _aउ / मोहन
100 _aमोहन राकेश
245 _aन आनेवाला कल /
_cमोहन राकेश
260 _aदिल्ली
_bराजपाल
_c1999
300 _a176पृ
_c20सेमी. (अजिल्द)
942 _cHN
_2ddc
_h
_mमोहन
999 _c13980
_d13980